Xác định tổng thương và chuẩn đoán bệnh võng mạc đái tháo đường qua ảnh chụp đáy mắt sử dụng thuật toán SVM kết hợp K-NN : Luận văn thạc sĩ - Chuyên ngành: Khoa học máy tính

में बचाया:
ग्रंथसूची विवरण
मुख्य लेखक: Trần, Thị Hoàng Anh
स्वरूप: Luận văn
भाषा:Undetermined
प्रकाशित: Trường Đại học Công nghiệp Tp. Hồ Chí Minh 2018
विषय:
टैग : टैग जोड़ें
कोई टैग नहीं, इस रिकॉर्ड को टैग करने वाले पहले व्यक्ति बनें!
Thư viện lưu trữ: Trung tâm Thư viện - Trường Đại học Công nghiệp TP. Hồ Chí Minh
LEADER 00776nam a2200157Ia 4500
001 UIH_01318
008 230809s9999 xx 000 0 und d
082 |a 4 
100 |a Trần, Thị Hoàng Anh 
245 0 |a Xác định tổng thương và chuẩn đoán bệnh võng mạc đái tháo đường qua ảnh chụp đáy mắt sử dụng thuật toán SVM kết hợp K-NN : Luận văn thạc sĩ - Chuyên ngành: Khoa học máy tính 
245 0 |c Trần, Thị Hoàng Anh 
260 |b Trường Đại học Công nghiệp Tp. Hồ Chí Minh 
260 |c 2018 
650 |a Khoa học máy tính; 
927 |a Luận văn 
980 |a Trung tâm Thư viện - Trường Đại học Công nghiệp TP. Hồ Chí Minh